The Oxford 5000 - Letter M - Translate from Polish to English - Statystyki

Ogólne statystyki
  • Ten quiz został rozwiązany 17 razy
  • Średni wynik to 45 z 101
Statystyki odpowiedzi
Polish Angielski % Poprawnych
magnetyczny, przyciągający magnetic
100%
flamaster (marker), znacznik marker
89%
mechanik mechanic
89%
mechaniczny mechanical
89%
mechanizm mechanism
89%
medal medal
89%
medytacja meditation
89%
melodia melody
89%
mentor / mentorka mentor
89%
magiczny magical
78%
makijaż, skład (czegoś) makeup
78%
maraton marathon
78%
maska mask
78%
masakra massacre
78%
migracja migration
78%
minimalny minimal
78%
mobilny mobile
78%
potwór monster
78%
motywacja motivation
78%
obowiązkowy mandatory
67%
objawiać, manifestować, okazywać manifest
67%
manipulować manipulate
67%
manipulacja manipulation
67%
rękopis, manuskrypt manuscript
67%
morski, marynarski marine
67%
dojrzały / dojrzewać mature
67%
członkostwo membership
67%
metafora metaphor
67%
cud miracle
67%
mobilność mobility
67%
modyfikacja modification
67%
monopol monopoly
67%
miesięczny monthly
67%
moralność morality
67%
mit myth
67%
maszyny, maszyneria, mechanizm (działania) machinery
56%
wspaniały, okazały magnificent
56%
marsz / maszerować march
56%
matematyczny mathematical
56%
średniowieczny medieval
56%
metodologia methodology
56%
ministerstwo ministry
56%
mobilizować mobilize
56%
skromny modest
56%
mnich monk
56%
komar mosquito
56%
motywować motivate
56%
motyw, powód motive
56%
główny nurt / należący do głównego nurtu mainstream
44%
tworzenie, produkcja making
44%
mandat (polityczny/poselski), nakaz, upoważnienie, pełnomocnictwo mandate
44%
marginalny, minimalny marginal
44%
kumpel, partner (zwierzęcia) / łączyć się w pary (o zwierzętach) mate
44%
znaczący, pełen sensu, wymowny meaningful
44%
tymczasem, w międzyczasie meantime
44%
litość, miłosierdzie mercy
44%
nieszczęśliwy, żałosny, nędzny, przygnębiony, ponury miserable
44%
tryb (np. w urządzeniu), sposób mode
44%
moduł module
44%
pomnik, zabytek monument
44%
ponadto, co więcej, oprócz tego moreover
44%
produkować, wytwarzać manufacture
33%
produkcja, przemysł wytwórczy manufacturing
33%
margines, marża (zysku) margin
33%
górnik miner
33%
nędza, niedola, cierpienie, nieszczęście misery
33%
maksymalizować maximize
22%
lek, lekarstwo, medykament, kuracja lekowa medication
22%
notatka służbowa memo
22%
zapadający w pamięć, pamiętny, niezapomniany memorable
22%
zaledwie, zwykły mere
22%
tylko, jedynie, po prostu, zaledwie merely
22%
łączyć (się), scalać merge
22%
minimalizować minimize
22%
umiarkowany moderate
22%
wzruszający, poruszający moving
22%
stały ląd, kontynent mainland
11%
konserwacja, utrzymanie (np. budynku, rodziny) maintenance
11%
rynek(miejsce handlu oraz pojęcie ekonomiczne), miejsce handlu marketplace
11%
wojenny, wojskowy martial
11%
pamiętnik, wspomnienia memoir
11%
pomnik, miejsce pamięci memorial
11%
kupiec, handlarz merchant
11%
fuzja, połączenie (np. firm) merger
11%
zasługa, wartość, zaleta merit
11%
bojówkarz, radykalny aktywista / wojowniczy, agresywny, radyklany militant
11%
młyn mill
11%
górnictwo, wydobycie mining
11%
pocisk (najczęściej rakietowy) missile
11%
tłum, motłoch, mafia mob
11%
kredyt hipoteczny, hipoteka mortgage
11%
meczet mosque
11%
ogrom, wielkość, ranga, skala (np. problemu) magnitude
0%
środek midst
0%
milicja, bojówka militia
0%
drobny, szczegółowy, drobiazgowy minute
0%
mylący, wprowadzający w błąd misleading
0%
rozpęd, impet, rozmach, pęd momentum
0%
ruch, wniosek (formalny, np. na zebraniu) motion
0%
miejski, komunalny municipal
0%
wzajemny, wspólny mutual
0%
Nie znaleziono quizów pasujących do podanych kryteriów
Rozkład punktacji
Procent ludzi z każdym wynikiem
Percentyl według liczby udzielonych odpowiedzi
Twoja historia wyników
Nie rozwiązałeś tego quizu